000 00962nam a2200205Ia 4500
001 230-BIL lo (4004)
003 IT-MiSPE
008 171229s9999||||xx |||||||||||||| ||und||
040 _aIT-MiSPE
_cIT-MiSPE
041 _aLATINO
100 _aLouis Billot (Ludovicus Billot)
245 0 _a(IV) De personali et originali peccato
_bCommentarius in Primam Secundae (Qq. 71-89)
250 _a4 aucta et emendata
260 _aPrati
_bGiachetti
_c1910
300 _a193 p.
_c21 cm
501 _aEdizioni San Paolo srl - Piazza Soncino, 5 - 20092 CINISELLO BALSAMO (MI) (non commercial uses only) ® Copyright 2018
942 _cBK
957 _71
999 _a8322
_bNO
_g Copie: 1
_c339953
_d339953